00481cam a22001097a 4500020001500000040000800015082002600023245013200049260012800181300004000309700002200349 a9715600751 cDLC a648 SEA 2002 A056 Or.00aEnvironmentally sustainable rural and agricultural development strategies in the Philippines :blessons from six case studies / aCollege, Los Baños, Laguna, Philippines :bSEAMEO Regional Center for Graduate Study and Research in Agriculture,cc2002. avii, 165 p. :bill., maps ;c23 cm.1 aSajise, Percy E.,